000 00452nam a2200133 a 4500
008 160824s2014 ||||||||||||||||| || u
020 _a9781472206800
050 _aPR 6052.R37E9
100 _aBrannan, J. T
245 1 0 _aExtinction: a novel
_cBy J.T. Brannan
260 _aLondon
_bHeadline
_c2014
300 _a388p.
995 _FCBU-MAIN LIBRARY (Kitwe)
_M1
_UAVAILABLE
_WSep 21, 2016
_ZFiction Collection
999 _c43031
_d43031